000 00346nam a2200133Ia 4500
008 240624s9999 xx 000 0 und d
041 _aeng
082 _a001.4 DOC
100 _aDOCHARTAIGH NIALL O
245 _aINTERNET RESEARCH SKILLS
260 _c2012
_aLondon
_bSage Publications
300 _axiv, : 200 : p. : cm. ; 24
365 _cGBP
_b30
999 _c19753
_d19753